banner koha

Veia cava caudal e óstios das veias hepáticas em bovinos da raça Nelore (Registro n. 199693)

MARC details
000 -LÍDER
campo de controle de tamanho fixo 00820nas a2200277 4500
001 - NÚMERO DE CONTROLE
campo de controle BR0807801
003 - IDENTIFICADOR DO NÚMERO DE CONTROLE
campo de controle BR-BrBNA
005 - DATA E HORÁRIO DA ÚLTIMA TRANSAÇÃO
campo de controle 20231205112735.0
007 - CAMPO FIXO DE DESCRIÇÃO FÍSICA--INFORMAÇÃO GERAL
campo de controle de tamanho fixo ta
008 - CAMPO DE DADOS FIXOS--INFORMAÇÃO GERAL
campo de controle de tamanho fixo 230509b bl.|||p| |||| 00| 00por d
040 ## - FONTE DA CATALOGAÇÃO
Instituição da catalogação original BR-BrBNA
Idioma da catalogação por
Instituição que transcreveu o registro Biblioteca Nacional de Agricultura
041 ## - CÓDIGO DE IDIOMA
Código do idioma do texto/trilha sonora ou título diferente (Pt)
072 ## - CÓDIGO DE CATEGORIA DE ASSUNTO
Código de Categoria de Assunto L50
100 1# - ENTRADA PRINCIPAL--NOME PESSOAL
Nome pessoal Passafaro, R.
100 1# - ENTRADA PRINCIPAL--NOME PESSOAL
Nome pessoal Souza, W.M. de
100 1# - ENTRADA PRINCIPAL--NOME PESSOAL
Nome pessoal Miglino, M.A.
245 1# - TÍTULO
Título Veia cava caudal e óstios das veias hepáticas em bovinos da raça Nelore
650 ## - ASSUNTO--TERMO TÓPICO
Cabeçalho tópico ou nome geográfico BOVINO
650 ## - ASSUNTO--TERMO TÓPICO
Cabeçalho tópico ou nome geográfico NELORE
650 ## - ASSUNTO--TERMO TÓPICO
Cabeçalho tópico ou nome geográfico VEIA
650 ## - ASSUNTO--TERMO TÓPICO
Cabeçalho tópico ou nome geográfico BIOLOGIA ANIMAL
650 ## - ASSUNTO--TERMO TÓPICO
Cabeçalho tópico ou nome geográfico FÍGADO
773 0# - ENTRADA ANALÍTICA
Título Brazilian Journal of Veterinary Research and Animal Science (Brazil)
ISSN - International Standard Serial Number ISSN 1413-9596
Partes relacionadas (1997), v. 34(2) p. 7072
Número de controle do registro BR0807801
909 ## -
-- 202311
-- Lúcia
-- 55
-- Lúcia Elande
942 ## - ELEMENTOS DE ENTRADA ADICIONADOS (KOHA)
Fonte da classificação ou esquema de arquivamento na estante Classificação AGRIS
Ocultar no OPAC Não
Tipo de material Koha Analítica
Exemplares
Situação do descarte Fonte da classificação ou esquema de arquivamento na estante Situação física Não pode ser emprestado Biblioteca de origem Biblioteca atual Localização na estante Enumeração do periódico / cronologia Total de empréstimos Data de último acesso Número do exemplar Tipo de material Koha Fonte de aquisição
  Classificação AGRIS   Consulta local Biblioteca Nacional de Agricultura - Binagri Biblioteca Nacional de Agricultura - Binagri   (1997), v. 34(2) p. 7072   29/11/2023 01 Periódicos Portaria Interministerial nº 164/94

BINAGRI

Telefone: (61)3218-2567/2388/3357/2097 - binagri@agro.gov.br

Ministério da Agricultura e Pecuária , Esplanada dos Ministérios, Bloco D, Anexo B, Brasília/DF, CEP: 70.043-900